| 000 | 01736nam1a2200313 i 4500 | ||
|---|---|---|---|
| 001 | RU\NLR\bibl\283984 | ||
| 005 | 20260407111709.0 | ||
| 035 | _a(NLR Aleph) 000279429 | ||
| 090 |
_a1634943 _c1634943 |
||
| 100 | _a20020704g20029999k y0rusy50 ca | ||
| 101 | 0 | _arus | |
| 102 | _aRU | ||
| 105 | _a||||z ||||| | ||
| 200 | 1 |
_aОсновные итоги становления предметных методик в XX веке и перспективы их развития _eСб. науч. тр. по непрерыв. образованию _fРос. акад. образования, Акад. обществ. связей. Сев.-Зап. отд-ние РАО, Науч.-исслед. ин-т общ. образования РГПУ им. А.И. Герцена _g[Редкол.: И.М. Титова (науч. ред.) _gСост.: Е.Р. Рубилова] |
|
| 210 |
_aСПб. _cКульт-Информ-Пресс _d2002 |
||
| 215 | _d20 | ||
| 463 | 0 | _1001280612 | |
| 606 |
_aШкола _jСборники _xМетодика преподавания _xИстория _yРоссия _92250105 _3RU\NLR\auth\661349701 |
||
| 606 |
_aШколы _jСборники _xПреподавание _xИстория _yРоссия _92609680 _3RU\NLR\auth\661546238 |
||
| 686 | _aЧ421.2г(2)я43 | ||
| 702 | 1 |
_aРубилова _bЕ. Р. _4220 |
|
| 702 | 1 |
_4340 _8rus _7ca _aТитова _bИ. М. _cд-р пед. наук _gИрина Михайловна _3RU\NLR\auth\7762225 _945155 |
|
| 712 | 0 | 2 |
_4570 _aРоссийская академия образования _3RU\NLR\AUTH\889939667 _9374191 |
| 801 | 0 |
_aRU _bNLR _c20020704 _gPSBO |
|
| 801 | 1 |
_aRU _bNLR _c20020704 |
|
| 852 |
_aNLR _j2002-3/15344 |
||
| 942 | _cBOOK | ||